| 000 | 00348nam a2200145Ia 4500 | ||
|---|---|---|---|
| 008 | 210210b1985 xxu||||| |||| 00| 0 eng d | ||
| 082 | _a910.4 HASL | ||
| 100 | _aHASSALL (P J) | ||
| 245 | _aLet's visit Bahrain | ||
| 260 |
_aLondon _bMacmillan Publishers Ltd. _c1985 |
||
| 300 | _a96 | ||
| 690 | _aAtlas | ||
| 700 | _aHASSALL (S) | ||
| 906 | _a046993 | ||
| 999 |
_c96431 _d96431 |
||